000 00939nam a22002897a 4500
001 4657
003 FISKH
005 20240919092735.0
008 240919b cb ||||| |||| 00| 0 eng d
020 _a9780545505239
040 _aFISKH
_beng
_cFISKH
_dFISKH
050 _aPZ7.A953
082 _2813.54
100 _aAvi
_d1937-
245 _aThe man who was poe /
_cAvi
250 _aThis edition first printing in 2013
260 _aNew York :
_bScholastic,
_c1989.
300 _a216 pages :
_c20cm
505 _aP
520 _an Providence, R.I., in 1848, Edgar Allan Poe reluctantly investigates the problems of eleven-year-old Edmund, whose family has mysteriously disappeared and whose story suggests a new Poe tale with a ghastly final twist.
521 8 _a600L
_bLexile
521 8 _aP
_bRaz-Plus
650 _2Historical fiction
_aHorror
651 _2Mystery
_aSuspense
942 _2ddc
_cBK
_n0
999 _c4657
_d4657